| 000 | 00809cam a2200193 4500 | ||
|---|---|---|---|
| 001 | WS124026 | ||
| 008 | 031024n 000 0 eng u | ||
| 035 | _a(Sirsi) u124026 | ||
| 245 | _aNazi-Era Provenance Internet Portal | ||
| 520 | _aInternet portal which provides a searchable register of objects in US museums that changed hands in Europe during the period 1933-1945. It currently lists 8000 objects from 74 museums, searchable by artist or nationality of artist and includes links to the museum web site where possible. | ||
| 650 | _aPORTALS | ||
| 650 | _aUNITED STATES | ||
| 650 | _aMUSEUMS | ||
| 650 | _aART GALLERIES | ||
| 650 | _aSTOLEN WORKS OF ART | ||
| 690 |
_aArts and antiques _96217 |
||
| 856 | 4 | 0 |
_uhttps://www.nepip.org _zView the website free of charge at www.nepip.org... |
| 942 | _n0 | ||
| 999 |
_c120352 _d120352 |
||